[Event "Lancaran op-A"]
[Site "Lancaran"]
[Date "2025.07.11"]
[Round "6"]
[White "Hamidov, Allahverdi"]
[Black "Abbasov, Amil Habil Oglu"]
[Result "1-0"]
[WhiteElo "2287"]
[BlackElo "2076"]
[PlyCount "53"]
[EventDate "2025.07.07"]
[EventType "swiss"]
[EventRounds "9"]
[EventCountry "AZE"]
[SourceTitle "CB29_2025"]
[SourceDate "2025.07.16"]
[SourceVersion "1"]
[SourceVersionDate "2025.07.16"]
[SourceQuality "1"]

1. d4 Nf6 2. c4 c5 3. d5 e6 4. Nc3 exd5 5. cxd5 Bd6 6. e4 0-0 7. Nf3 Re8 8. Be2 Nxe4 9. Nxe4 Rxe4 10. 0-0 Re8 11. Bd3 Be7 12. Re1 d6 13. Ng5 Bxg5 14. Bxg5 Rxe1+ 15. Qxe1 f6 16. Bf4 Na6 17. Bxd6 Bg4 18. Qe4 g6 19. Be7 Bf5 20. Qe2 Qc8 21. Bc4 Kg7 22. Re1 g5 23. Qe3 Nc7 24. Qxc5 Ne8 25. Qd4 Qd7 26. d6 Kg6 27. Qd5 1-0

[Event "Lancaran op-A"]
[Site "Lancaran"]
[Date "2025.07.10"]
[Round "5"]
[White "Garakhanov, Shamsi"]
[Black "Hamidov, Allahverdi"]
[Result "0-1"]
[WhiteElo "2112"]
[BlackElo "2287"]
[PlyCount "80"]
[EventDate "2025.07.07"]
[EventType "swiss"]
[EventRounds "9"]
[EventCountry "AZE"]
[SourceTitle "CB29_2025"]
[SourceDate "2025.07.16"]
[SourceVersion "1"]
[SourceVersionDate "2025.07.16"]
[SourceQuality "1"]

1. d4 d5 2. c4 dxc4 3. Nf3 Nf6 4. e3 e6 5. Bxc4 c5 6. 0-0 cxd4 7. exd4 Be7 8. Nc3 0-0 9. Bg5 Nc6 10. a3 b6 11. Qd3 Bb7 12. Rfd1 h6 13. Bh4 Nh5 14. Bxe7 Nxe7 15. Ne5 Bxg2 16. Qe2 Nf4 17. Qg4 Neg6 18. Nxg6 fxg6 19. Bxe6+ Kh7 20. d5 h5 21. Qg3 h4 22. Qg4 Bh3 23. Qxh3 Nxh3+ 24. Bxh3 Qg5+ 25. Kh1 Rxf2 26. Ne4 Rxh2+ 27. Kxh2 Qe5+ 28. Kh1 Qxe4+ 29. Bg2 Qf4 30. Rd3 Rd8 31. Rad1 Rd6 32. Rf3 Qe5 33. Rc3 g5 34. Bf3 g4 35. Bxg4 Rxd5 36. Rf1 Rd2 37. Rh3 g5 38. b4 Qe4+ 39. Rhf3 Kg7 40. Rg1 Rf2 0-1

[Event "Sheki op-A"]
[Site "Sheki"]
[Date "2025.06.24"]
[Round "8"]
[White "Hajialiyev, Islam"]
[Black "Hamidov, Allahverdi"]
[Result "0-1"]
[WhiteElo "2156"]
[BlackElo "2279"]
[PlyCount "134"]
[EventDate "2025.06.19"]
[EventType "swiss"]
[EventRounds "9"]
[EventCountry "AZE"]
[SourceTitle "CB27_2025"]
[SourceDate "2025.07.02"]
[SourceVersion "1"]
[SourceVersionDate "2025.07.02"]
[SourceQuality "1"]

1. Nf3 d5 2. g3 Nf6 3. Bg2 e6 4. d4 Bd6 5. 0-0 0-0 6. c4 h6 7. Nc3 Nc6 8. cxd5 exd5 9. Qb3 Re8 10. Rd1 Ne7 11. Nb5 Nf5 12. Nxd6 cxd6 13. Re1 b6 14. Bd2 Bb7 15. Bh3 Bc8 16. Rac1 Nxd4 17. Nxd4 Bxh3 18. f3 Qd7 19. Bb4 Rec8 20. Qd3 Be6 21. b3 a5 22. Ba3 Ne8 23. Qd2 Rc7 24. Rcd1 b5 25. Bb2 b4 26. g4 Rc5 27. Kh1 f6 28. Rg1 Bf7 29. Nf5 Bg6 30. Bd4 Rc6 31. Qe3 Kf8 32. Qf4 Rc2 33. Nh4 Bf7 34. Qe3 Rxa2 35. Rd2 Rxd2 36. Qxd2 Rc8 37. Ra1 Qb5 38. Nf5 Be6 39. Ne3 Ra8 40. Qc2 Kf7 41. h4 Ke7 42. g5 hxg5 43. hxg5 fxg5 44. Kg2 Rc8 45. Qb2 Nf6 46. Kf2 Rh8 47. Rg1 g4 48. fxg4 Ne4+ 49. Ke1 Rc8 50. Nf5+ Kd7 51. Be3 Rc3 52. Bd4 g6 53. Ne3 Rc7 54. Rh1 Kc6 55. Nd1 Bxg4 56. Rh2 Kb7 57. Bg1 Nc3 58. Qd2 Re7 59. Ne3 Bxe2 60. Qd4 Qd3 61. Qxd3 Bxd3 62. Kd2 Be4 63. Rh8 Rc7 64. Rd8 a4 65. bxa4 b3 66. Nc4 Rxc4 67. Rxd6 Nxa4 0-1

[Event "Baku op-A"]
[Site "Baku"]
[Date "2025.04.30"]
[Round "3"]
[White "Hamidov, Allahverdi"]
[Black "Suleymanli, Suleyman"]
[Result "1/2-1/2"]
[WhiteElo "2235"]
[BlackElo "2322"]
[PlyCount "104"]
[EventDate "2025.04.28"]
[EventType "swiss"]
[EventRounds "9"]
[EventCountry "AZE"]
[SourceTitle "CB19_2025"]
[SourceDate "2025.05.07"]
[SourceVersion "1"]
[SourceVersionDate "2025.05.07"]
[SourceQuality "1"]

1. d4 Nf6 2. c4 e6 3. Nc3 Bb4 4. Qc2 0-0 5. a3 Bxc3+ 6. Qxc3 b6 7. Bg5 Bb7 8. e3 d6 9. Ne2 Nbd7 10. Qd3 c5 11. Nc3 Qc7 12. Be2 cxd4 13. Qxd4 Qc5 14. Qxc5 Nxc5 15. f3 Nb3 16. Rd1 Rfd8 17. 0-0 Kf8 18. Nb5 Ke7 19. e4 h6 20. Bh4 g5 21. Bg3 e5 22. Bf2 Nh5 23. Rfe1 Nf4 24. Bf1 Ne6 25. Re3 Nbd4 26. Nxd4 Nxd4 27. Rc3 Ne6 28. a4 g4 29. a5 gxf3 30. gxf3 Rg8+ 31. Kh1 Nc5 32. h4 bxa5 33. Ra1 a4 34. Bxc5 dxc5 35. Rxa4 f5 36. exf5 Kf6 37. Bg2 Rad8 38. Rc2 Rd4 39. Rf2 Rxh4+ 40. Kg1 a6 41. b3 Rd4 42. Ra5 Rc8 43. Re2 Rc7 44. Kf2 Kxf5 45. Ke3 Kf6 46. Bh3 Rc6 47. Bg4 Rc7 48. Rh2 e4 49. Rxh6+ Kg7 50. Rh5 exf3 51. Raxc5 Re4+ 52. Kf2 Re2+ 1/2-1/2

[Event "Titled Tuesday intern op 25th Feb Early"]
[Site "Chess.com INT"]
[Date "2025.02.25"]
[Round "11"]
[White "Hamidov, Allahverdi"]
[Black "Budrewicz, Krzysztof"]
[Result "1-0"]
[WhiteElo "2223"]
[BlackElo "2185"]
[PlyCount "57"]
[EventDate "2025.02.25"]
[EventType "swiss (blitz)"]
[EventRounds "11"]
[EventCountry "USA"]
[SourceTitle "CB10_2025"]
[SourceDate "2025.03.05"]
[SourceVersion "1"]
[SourceVersionDate "2025.03.05"]
[SourceQuality "1"]

1. e4 g6 2. Nf3 Bg7 3. d4 d6 4. h3 a6 5. Nc3 b5 6. Bd3 Nd7 7. 0-0 Bb7 8. Re1 c5 9. d5 Ngf6 10. Bf4 0-0 11. a3 c4 12. Bf1 Nc5 13. Qd2 Rc8 14. Bh6 Rc7 15. Bxg7 Kxg7 16. Nd4 Re8 17. Qg5 Kh8 18. Rad1 Ng8 19. e5 dxe5 20. Qxe5+ Nf6 21. Nf3 Qd6 22. Ng5 Kg7 23. Qd4 h6 24. Nge4 Ncxe4 25. Nxe4 Qxd5 26. Nxf6 Qxd4 27. Nxe8+ Kf8 28. Rxd4 Kxe8 29. g3 1-0

[Event "Titled Tuesday intern op 11th Feb Early"]
[Site "Chess.com INT"]
[Date "2025.02.11"]
[Round "11"]
[White "Erigaisi, Arjun Kumar"]
[Black "Hamidov, Allahverdi"]
[Result "1-0"]
[WhiteElo "2801"]
[BlackElo "2223"]
[PlyCount "69"]
[EventDate "2025.02.11"]
[EventType "swiss (blitz)"]
[EventRounds "11"]
[EventCountry "USA"]
[SourceTitle "CB08_2025"]
[SourceDate "2025.02.19"]
[SourceVersion "1"]
[SourceVersionDate "2025.02.19"]
[SourceQuality "1"]

1. b3 d5 2. Bb2 Nf6 3. e3 e6 4. f4 Be7 5. Nf3 0-0 6. Bd3 c5 7. 0-0 Nc6 8. a3 Ne4 9. Nc3 f5 10. Bb5 Bf6 11. Bxc6 bxc6 12. Nxe4 Bxb2 13. Nxc5 Bxa1 14. Qxa1 Qe7 15. Qc3 Bd7 16. Ne5 Be8 17. Qa5 h6 18. a4 Kh7 19. d4 Rg8 20. Qd2 g5 21. a5 a6 22. Qd3 gxf4 23. exf4 Ra7 24. Nxa6 Qh4 25. Nc5 Rag7 26. Rf2 Bh5 27. Nxe6 Rxg2+ 28. Rxg2 Qe1+ 29. Qf1 Qe3+ 30. Kh1 Rxg2 31. Kxg2 Qe4+ 32. Kg1 Qe3+ 33. Qf2 Qc1+ 34. Kg2 Qa1 35. b4 1-0

[Event "Titled Tuesday intern op 11th Feb Early"]
[Site "Chess.com INT"]
[Date "2025.02.11"]
[Round "2"]
[White "Hamidov, Allahverdi"]
[Black "Heinemann, Josefine"]
[Result "1-0"]
[WhiteElo "2223"]
[BlackElo "2294"]
[PlyCount "46"]
[EventDate "2025.02.11"]
[EventType "swiss (blitz)"]
[EventRounds "11"]
[EventCountry "USA"]
[SourceTitle "CB08_2025"]
[SourceDate "2025.02.19"]
[SourceVersion "1"]
[SourceVersionDate "2025.02.19"]
[SourceQuality "1"]

1. d4 Nf6 2. c4 e6 3. Nc3 Bb4 4. e3 0-0 5. Bd3 d5 6. Nf3 dxc4 7. Bxc4 c5 8. 0-0 cxd4 9. exd4 b6 10. Qe2 Bb7 11. Rd1 Nbd7 12. d5 exd5 13. Nxd5 Nxd5 14. Bxd5 Bxd5 15. Rxd5 Qc7 16. Bg5 Rfe8 17. Qb5 Bd6 18. Rc1 Nc5 19. b4 a6 20. Qf1 Qd7 21. Bf4 Nb7 22. Qd3 Re6 23. Ng5 Rg6 1-0

[Event "Titled Tuesday intern op 11th Feb Early"]
[Site "Chess.com INT"]
[Date "2025.02.11"]
[Round "10"]
[White "Hamidov, Allahverdi"]
[Black "Paduano, Claudio"]
[Result "1-0"]
[WhiteElo "2223"]
[BlackElo "2256"]
[PlyCount "123"]
[EventDate "2025.02.11"]
[EventType "swiss (blitz)"]
[EventRounds "11"]
[EventCountry "USA"]
[SourceTitle "CB08_2025"]
[SourceDate "2025.02.19"]
[SourceVersion "1"]
[SourceVersionDate "2025.02.19"]
[SourceQuality "1"]

1. d4 Nf6 2. c4 e6 3. Nc3 Bb4 4. e3 0-0 5. Bd3 d5 6. Nf3 dxc4 7. Bxc4 c5 8. 0-0 Nbd7 9. Qe2 Qe7 10. Rd1 b6 11. a3 Bxc3 12. bxc3 Bb7 13. Bd3 e5 14. dxe5 Nxe5 15. Nxe5 Qxe5 16. f4 Qe6 17. c4 Ne4 18. Bb2 Rad8 19. Bc2 f6 20. a4 Rfe8 21. a5 Nd6 22. axb6 axb6 23. Bc1 Be4 24. Bb3 b5 25. Ra6 bxc4 26. Ba2 Kh8 27. Ba3 Bd3 28. Qf3 Qxe3+ 29. Qxe3 Rxe3 30. Bxc5 Re6 31. Bxd6 Rexd6 32. Rxd6 Rxd6 33. Bxc4 Bxc4 34. Rxd6 h5 35. Rc6 Bd5 36. Rc5 Bf7 37. Rc7 Bg6 38. Kf2 Kh7 39. Kg3 Bf5 40. Kh4 Kh6 41. Rc5 Bg4 42. h3 Be2 43. Rd5 g6 44. g4 hxg4 45. hxg4 Kg7 46. Rd7+ Kg8 47. g5 f5 48. Kg3 Bc4 49. Rc7 Bd5 50. Kf2 Kf8 51. Ke3 Ke8 52. Kd4 Be4 53. Ke5 Kf8 54. Kf6 Ke8 55. Rg7 Kd8 56. Rxg6 Kd7 57. Rg7+ Kd6 58. Re7 Bd5 59. g6 Bg8 60. g7 Kd5 61. Re8 Bh7 62. Rh8 1-0

[Event "Titled Tuesday intern op 04th Feb Early"]
[Site "Chess.com INT"]
[Date "2025.02.04"]
[Round "9"]
[White "Antoniou, Rafail"]
[Black "Hamidov, Allahverdi"]
[Result "0-1"]
[WhiteElo "2041"]
[BlackElo "2223"]
[PlyCount "98"]
[EventDate "2025.02.04"]
[EventType "swiss (blitz)"]
[EventRounds "11"]
[EventCountry "USA"]
[SourceTitle "CB07_2025"]
[SourceDate "2025.02.12"]
[SourceVersion "1"]
[SourceVersionDate "2025.02.12"]
[SourceQuality "1"]

1. d4 Nf6 2. c3 d5 3. Nf3 c5 4. dxc5 e6 5. b4 a5 6. Bb2 b6 7. e3 bxc5 8. bxc5 Bxc5 9. Nbd2 0-0 10. c4 Qe7 11. Be2 Rd8 12. 0-0 Bb7 13. Qc2 Nc6 14. cxd5 Nb4 15. Bxf6 gxf6 16. Qc4 Bxd5 17. Qg4+ Kh8 18. a4 Rg8 19. Qh4 Rg6 20. e4 Bb7 21. Rac1 Rag8 22. g3 Ba7 23. Qh5 Rd8 24. Qxa5 Nc6 25. Qb5 Nd4 26. Nxd4 Bxd4 27. Nf3 Ba7 28. Rfd1 Rgg8 29. Rb1 Bxe4 30. Qb4 Qxb4 31. Rxb4 Rxd1+ 32. Bxd1 Ba8 33. Kg2 Rc8 34. Rb2 Kg7 35. Rc2 Rd8 36. Be2 e5 37. Kh3 Be4 38. Rc4 Bd5 39. Rc7 Bxf2 40. Nh4 Be6+ 41. Bg4 Kg8 42. Nf5 Bg1 43. Nh6+ Kg7 44. Bxe6 Kxh6 45. Rxf7 Rd2 46. Bf5 Kg5 47. Rg7+ Kxf5 48. g4+ Kf4 49. Rxh7 Rxh2# 0-1

[Event "Titled Tuesday intern op 04th Feb Early"]
[Site "Chess.com INT"]
[Date "2025.02.04"]
[Round "2"]
[White "Hamidov, Allahverdi"]
[Black "Jaskolka, Tomasz"]
[Result "0-1"]
[WhiteElo "2223"]
[BlackElo "2198"]
[PlyCount "62"]
[EventDate "2025.02.04"]
[EventType "swiss (blitz)"]
[EventRounds "11"]
[EventCountry "USA"]
[SourceTitle "CB07_2025"]
[SourceDate "2025.02.12"]
[SourceVersion "1"]
[SourceVersionDate "2025.02.12"]
[SourceQuality "1"]

1. d4 g6 2. c4 Bg7 3. e4 c5 4. d5 d6 5. Nf3 Nd7 6. Bd3 Ngf6 7. h3 0-0 8. 0-0 a6 9. Re1 Ne8 10. Qc2 Nc7 11. Nc3 e6 12. Bf4 e5 13. Be3 h6 14. a3 Kh7 15. b4 b6 16. Rab1 Nf6 17. a4 a5 18. bxa5 bxa5 19. Nxe5 dxe5 20. Bxc5 Re8 21. Bb6 Nh5 22. Nb5 Qg5 23. Nxc7 Bxh3 24. Bf1 Nf4 25. Be3 Bxg2 26. Bxf4 exf4 27. Nxe8 f3 28. Re3 Be5 29. Nf6+ Kg7 30. Nd7 Bh3+ 31. Kh1 Bxf1 0-1

[Event "Titled Tuesday intern op 04th Feb Late"]
[Site "Chess.com INT"]
[Date "2025.02.04"]
[Round "1"]
[White "Hamidov, Allahverdi"]
[Black "Sakhayi, Mostafa"]
[Result "1-0"]
[WhiteElo "2223"]
[BlackElo "2166"]
[PlyCount "125"]
[EventDate "2025.02.04"]
[EventType "swiss (blitz)"]
[EventRounds "11"]
[EventCountry "USA"]
[SourceTitle "CB07_2025"]
[SourceDate "2025.02.12"]
[SourceVersion "1"]
[SourceVersionDate "2025.02.12"]
[SourceQuality "1"]

1. d4 Nf6 2. c4 e6 3. Nc3 Bb4 4. e3 0-0 5. Bd3 d5 6. Nf3 c5 7. 0-0 cxd4 8. exd4 dxc4 9. Bxc4 b6 10. Qe2 Bb7 11. Rd1 Bxc3 12. bxc3 Nbd7 13. Bd3 Qc7 14. c4 Rfe8 15. Bb2 Rac8 16. h3 h6 17. Rac1 Qd6 18. Ne5 Nxe5 19. dxe5 Qc6 20. f3 Nh5 21. Qf2 Qc5 22. Qxc5 Rxc5 23. Kf2 Nf4 24. Bf1 g5 25. Rd7 Ba6 26. Rxa7 Ra5 27. a3 Rc8 28. g3 Ng6 29. Rd1 Bxc4 30. Rxa5 bxa5 31. Rc1 Rb8 32. Bc3 Bxf1 33. Kxf1 a4 34. Bb4 Rb5 35. f4 gxf4 36. gxf4 Nxf4 37. Rc8+ Kh7 38. Bd6 Nxh3 39. Rf8 Ng5 40. Ke2 Rb3 41. Ra8 Kg6 42. Rxa4 Kf5 43. Rh4 Rb2+ 44. Kd3 Kg6 45. Kc4 Ra2 46. Kb5 Rb2+ 47. Rb4 Ra2 48. a4 h5 49. a5 Nf3 50. a6 h4 51. Rf4 h3 52. Rxf3 h2 53. Rh3 Kf5 54. Kb6 Kg4 55. Rh7 Kg3 56. a7 Kg2 57. Kb7 h1Q 58. Rxh1 Kxh1 59. a8Q Rxa8 60. Kxa8 Kg2 61. Be7 Kf3 62. Bf6 Ke4 63. Kb7 1-0

[Event "Titled Tuesday intern op 04th Feb Early"]
[Site "Chess.com INT"]
[Date "2025.02.04"]
[Round "5"]
[White "Helmer, Jan"]
[Black "Hamidov, Allahverdi"]
[Result "1-0"]
[WhiteElo "2220"]
[BlackElo "2223"]
[PlyCount "127"]
[EventDate "2025.02.04"]
[EventType "swiss (blitz)"]
[EventRounds "11"]
[EventCountry "USA"]
[SourceTitle "CB07_2025"]
[SourceDate "2025.02.12"]
[SourceVersion "1"]
[SourceVersionDate "2025.02.12"]
[SourceQuality "1"]

1. Nf3 d5 2. e3 Nf6 3. c4 e6 4. Nc3 c5 5. cxd5 exd5 6. d4 Nc6 7. Bb5 cxd4 8. Nxd4 Bd7 9. 0-0 Bd6 10. Nf3 Bg4 11. Qa4 0-0 12. Be2 Qe7 13. h3 Bh5 14. Rd1 Rad8 15. Qh4 Bxf3 16. Bxf3 d4 17. exd4 Nxd4 18. Bg5 Nxf3+ 19. gxf3 Qe5 20. f4 Qf5 21. Bxf6 gxf6 22. Nd5 Kg7 23. Kh2 Rfe8 24. Rg1+ Kh8 25. Qxf6+ Qxf6 26. Nxf6 Bxf4+ 27. Kh1 Re6 28. Nh5 Be5 29. f4 Bxb2 30. Rab1 Rd2 31. Rg2 Rxg2 32. Kxg2 Re2+ 33. Kf3 Rc2 34. Ng3 Kg7 35. Nf5+ Kf6 36. Ne3 Rd2 37. Nc4 Rd4 38. Nxb2 Rb4 39. Ke2 a5 40. Kd2 a4 41. Kc2 Rxf4 42. Nd3 Rf3 43. Rb6+ Kg7 44. Rxb7 Rxh3 45. Ra7 Rh2+ 46. Kc3 Rxa2 47. Ne5 h5 48. Rxf7+ Kh6 49. Rf6+ Kg5 50. Rf8 h4 51. Nf3+ Kg4 52. Ne5+ Kg3 53. Rg8+ Kh3 54. Kd4 Ra3 55. Nd3 Ra1 56. Nf4+ Kh2 57. Rg2+ Kh1 58. Rg4 Rd1+ 59. Ke4 a3 60. Rxh4+ Kg1 61. Ne2+ Kf2 62. Rh2+ Ke1 63. Ke3 Kf1 64. Rh1+ 1-0

[Event "Titled Tuesday intern op 28th Jan Early"]
[Site "Chess.com INT"]
[Date "2025.01.28"]
[Round "10"]
[White "Gutierrez Olivares, Daniel"]
[Black "Hamidov, Allahverdi"]
[Result "0-1"]
[WhiteElo "2354"]
[BlackElo "2200"]
[PlyCount "154"]
[EventDate "2025.01.28"]
[EventType "swiss (blitz)"]
[EventRounds "11"]
[EventCountry "USA"]
[SourceTitle "CB06_2025"]
[SourceDate "2025.02.05"]
[SourceVersion "1"]
[SourceVersionDate "2025.02.05"]
[SourceQuality "1"]

1. Nf3 d5 2. g3 h5 3. c4 d4 4. Bg2 Nc6 5. e3 e5 6. d3 Nf6 7. 0-0 Be7 8. exd4 exd4 9. Re1 Bf5 10. Ne5 Nxe5 11. Rxe5 Bg4 12. Qe1 c6 13. b3 Nd7 14. h3 Nxe5 15. Qxe5 Be6 16. Ba3 Bxa3 17. Nxa3 h4 18. Qxg7 Rf8 19. g4 Qd6 20. Nc2 0-0-0 21. b4 f5 22. g5 f4 23. Bf3 Bxh3 24. b5 Rg8 25. Qh7 Rxg5+ 26. Kh1 Bf5 27. Qf7 Rf8 28. c5 Rxf7 29. cxd6 c5 30. Rc1 Kd8 31. b6 axb6 32. Na3 Rf6 33. Nc4 b5 34. Na5 Rxd6 35. Nxb7+ Ke7 36. Rxc5 Be4 37. Rxg5 Bxf3+ 38. Kh2 Bxb7 39. Rxb5 Bd5 40. a4 Ke6 41. Rb4 Ke5 42. Kh3 f3 43. Kxh4 Rg6 44. a5 Rg2 45. Rb2 Kf4 46. Kh5 Bf7+ 47. Kh6 Rg6+ 48. Kh7 Ra6 49. Rb4 Bg6+ 50. Kg7 Bxd3 51. Rxd4+ Be4 52. Ra4 Ke5 53. Kf7 Bd5+ 54. Ke7 Bc6 55. Ra3 Kd4 56. Kd8 Kc5 57. Kc7 Kb4 58. Ra1 Be4 59. Re1 Bd3 60. Re3 Be2 61. Re4+ Kxa5 62. Rf4 Kb5 63. Kd7 Rb6 64. Rf5+ Kc4 65. Rf4+ Kd3 66. Rf7 Kd2 67. Re7 Rb7+ 68. Kd6 Rxe7 69. Kxe7 Ke1 70. Ke6 Kxf2 71. Ke5 Ke1 72. Ke4 f2 73. Kf4 f1Q+ 74. Kg3 Qf3+ 75. Kh2 Qg4 76. Kh1 Bf3+ 77. Kh2 Qg2# 0-1